Southville International School and Colleges
Your cart is empty.
  • Cart
  • Lists
    Public lists Eva Luna New books Lux_list list_1
    Your lists Log in to create your own lists
  • Log in to your account
  • Your cookies
  • Search history
Southville International School and Colleges
  • Advanced search
  • Recent comments
  • Most popular
  • Libraries

Log in to your account

Log in with GOOGLE


If you do not have an external account, but do have a local account, you can still log in:

  1. Home
  2. MARC view: The psychology of smart investment :
Normal view MARC view ISBD view

The psychology of smart investment : (Record no. 19336)

[ view plain ]
MARC details
000 -LEADER
fixed length control field 00587nam a2200193 a 4500
005 - DATE AND TIME OF LATEST TRANSACTION
control field 20140310183138.0
008 - FIXED-LENGTH DATA ELEMENTS--GENERAL INFORMATION
fixed length control field 020820s19uu xx 00 eng d
020 ## - INTERNATIONAL STANDARD BOOK NUMBER
International Standard Book Number 047150071x
050 ## - LIBRARY OF CONGRESS CALL NUMBER
Classification number HG 4515.15
Item number .Ep67 1992
100 ## - MAIN ENTRY--PERSONAL NAME
Personal name Epstein, Ira
245 ## - TITLE STATEMENT
Title The psychology of smart investment :
Remainder of title meeting the 6 mental challengess /
Statement of responsibility, etc Ira Epstein.
260 ## - PUBLICATION, DISTRIBUTION, ETC. (IMPRINT)
Place of publication, distribution, etc New York :
Name of publisher, distributor, etc John Wiley & Sons, Inc.,
Date of publication, distribution, etc 1992.
300 ## - PHYSICAL DESCRIPTION
Extent 235 p. :
Other physical details ill. ;
Dimensions 25 cm.
521 ## - TARGET AUDIENCE NOTE
Target audience note
650 ## - SUBJECT ADDED ENTRY--TOPICAL TERM
Topical term or geographic name as entry element Investments
650 ## - SUBJECT ADDED ENTRY--TOPICAL TERM
Topical term or geographic name as entry element Investments, psychological aspects
942 ## - ADDED ENTRY ELEMENTS (KOHA)
Koha item type Books
Source of classification or shelving scheme Library of Congress Classification
Call number prefix Foreign
Holdings
Withdrawn status Lost status Source of classification or shelving scheme Damaged status Home library Current library Shelving location Date acquired Cost, normal purchase price Total Checkouts Full call number Barcode Date last seen Copy number Price effective from Koha item type
    Library of Congress Classification   College Library College Library General Circulation Section 08/20/2002 215.00   HG 4515.15 .Ep67 1992 C0170 05/15/2018 1 10/10/2013 Books

The psychology of smart investment :

APA

Epstein I., . (1992). The psychology of smart investment. New York: John Wiley & Sons, Inc.

Chicago

Epstein Ira, . 1992. The psychology of smart investment. New York: John Wiley & Sons, Inc.

Harvard

Epstein I., . (1992). The psychology of smart investment. New York: John Wiley & Sons, Inc.

MLA

Epstein Ira, . The psychology of smart investment. New York: John Wiley & Sons, Inc. 1992.

  • Place hold
  • Print
  • Cite
  • Add to your cart (remove)
  • Save record
    BIBTEX Dublin Core MARCXML MARC (non-Unicode/MARC-8) MARC (Unicode/UTF-8) MARC (Unicode/UTF-8, Standard) MODS (XML) RIS
  • More searches
    Search for this title in:
    Other Libraries (WorldCat) Other Databases (Google Scholar) Online Stores (Bookfinder.com) Open Library (openlibrary.org)

Exporting to Dublin Core...

SOUTHVILLE LIBRARY

Southville International School and Colleges Library

1281 Tropical Ave. Cor. Luxembourg St., BF Homes International, Las Pinas City

Tel. No. 8256374 / 252358 Loc. 117/146

Powered by Koha